000
00300nam a22001217a 4500
005
20251007095809.0
008
251007b |||||||| |||| 00| 0 eng d
040
_c
PK-LaNCA
082
_a
721.0218
_b
KAR
245
_a
Karl Friedrich Schinkel: a universal man
650
_a
Architecture
942
_c
BK
999
_c
66817
_d
66817